|
|
|
|
| LEADER |
00000nam0a2200000 4500 |
| 001 |
372233 |
| 005 |
20231102012445.0 |
| 010 |
|
|
|b 10000 экз.
|
| 035 |
|
|
|a (RuTPU)RU\TPU\retro\29654
|
| 035 |
|
|
|a RU\TPU\book\156080
|
| 090 |
|
|
|a 372233
|
| 100 |
|
|
|a 20221214d1937 k y0rusy50 ca
|
| 101 |
0 |
|
|a rus
|
| 102 |
|
|
|a RU
|
| 105 |
|
|
|a a z 000zd
|
| 200 |
1 |
|
|a Описание Уральских и Сибирских заводов. 1735
|f В. И. Геннин
|
| 210 |
|
|
|a Москва
|c История заводов
|d 1937
|
| 215 |
|
|
|a 656 с.
|c ил.
|
| 300 |
|
|
|a Первое печатное издание описания уральских и сибирских заводов, составленное В. де Генниным в 30-х гг. XVIII в.
|
| 464 |
|
|
|t Первое описание Уральских и Сибирских заводов
|f М. Ф. Злотников
|
| 610 |
1 |
|
|a история
|
| 610 |
1 |
|
|a Россия
|
| 610 |
1 |
|
|a экономическая география
|
| 610 |
1 |
|
|a Урал
|
| 610 |
1 |
|
|a промышленность
|
| 610 |
1 |
|
|a 18 век
|
| 610 |
1 |
|
|a уральские заводы
|
| 610 |
1 |
|
|a сибирские заводы
|
| 610 |
1 |
|
|a строительство
|
| 610 |
1 |
|
|a плотины
|
| 610 |
1 |
|
|a кузнечные заводы
|
| 610 |
1 |
|
|a медное дело
|
| 610 |
1 |
|
|a канатное производство
|
| 610 |
1 |
|
|a литейное дело
|
| 610 |
1 |
|
|a меднопосудное дело
|
| 610 |
1 |
|
|a камнеобработка
|
| 610 |
1 |
|
|a железорудная промышленность
|
| 610 |
1 |
|
|a горное дело
|
| 610 |
1 |
|
|a металлургия
|
| 610 |
1 |
|
|a Сибирь
|
| 610 |
1 |
|
|a Колывано-Воскресенские заводы
|
| 610 |
1 |
|
|a Нерчинский завод
|
| 675 |
|
|
|a 9(с)
|v 3
|
| 700 |
|
1 |
|a Геннин
|b В. И.
|c настоящее имя Георг Вильгельм де Геннин
|c начальник Олонецких и Уральских заводов
|c по происхождению голландец, на российской службе с 1698
|f 1676-1750
|g Виллим Иванович
|2 stltpush
|3 (RuTPU)RU\TPU\pers\14220
|9 4679
|
| 801 |
|
1 |
|a RU
|b 63413507
|c 20080929
|g PSBO
|
| 801 |
|
2 |
|a RU
|b 63413507
|c 20221214
|g PSBO
|
| 942 |
|
|
|c BK
|